Riešenie bezpečnosti počítačovej siete u konkrétneho internetového poskytovateľa diplomová práca

Gespeichert in:
Bibliographische Detailangaben
1. Verfasser: Lakatosová, Dóra
Körperschaft: Fakulta hospodárskej informatiky EU. Katedra aplikovanej informatiky
Weitere Verfasser: Ondrejková, Anna
Format: Buch
Sprache:Slowakisch
Veröffentlicht: Bratislava 2011
Tags: Tag hinzufügen
Keine Tags, Fügen Sie das erste Tag hinzu!

MARC

LEADER 00000nbm a2200000 4500
001 0140912
005 20161109101959.3
041 0 |a slo 
044 |a SK 
245 1 0 |a Riešenie bezpečnosti počítačovej siete u konkrétneho internetového poskytovateľa  |b diplomová práca  |c Dóra Lakatosová ; školiteľ: Anna Ondrejková 
264 1 |a Bratislava  |c 2011 
300 |a 65 s. 
100 1 |a Lakatosová, Dóra 
700 1 |a Ondrejková, Anna 
710 2 |a Fakulta hospodárskej informatiky EU. Katedra aplikovanej informatiky